000 00936cam a2200241 a 4500
001 000002352
005 20200929150204.0
008 921029s1971 ve a 010 0 spa
010 _a72620042
040 _aDO-SdBNP
_cCarP
_dDLC
082 _a987.04
_bV458r
110 1 _aVenezuela. Congreso
_97475
245 1 0 _aRegistro oficial de la República Peruana /
_cprólogo, Luis Villalba Villalba.
260 _aCaracas, :
_bCongreso de la República de Venezuela.
300 _av. ;
_c21 cm.
500 _aEdición conmemorativa del sesquincentenario de la batalla de Carabobo y del sesquincentenario de la Independencia del Perú
651 4 _aPerú
_xHistoria
_xGuerra De Independencia, 1808-1824
_97476
651 4 _aPerú
_xPolítica Y Gobierno
_97477
650 4 _aBatalla de carabobo, 1821
_97478
700 1 _aVillalba Villalba, Luis
_eprol.
_97479
710 1 _aVenezuela.
_bCongreso
_97480
910 _aCatalogación por copia / LC
999 _c2194
_d2194